[Event "4th CHN w Masters 2014"]
[Site "Wuxi CHN"]
[Date "2014.05.09"]
[Round "4.2"]
[White "Zhang Xiaowen"]
[Black "Zhu Chen"]
[Result "1/2-1/2"]
[WhiteElo "2388"]
[BlackElo "2461"]

1.e4 e6 2.d4 d5 3.Nc3 Nf6 4.e5 Nfd7 5.Nce2 c5 6.c3 Nc6 7.Nf3 cxd4 8.cxd4 f6
9.exf6 Nxf6 10.Nc3 Bd6 11.Bd3 O-O 12.O-O Bd7 13.Re1 h6 14.h3 Rc8 15.a3 Bb8
16.Bc2 Qa5 17.Ne5 Be8 18.Bf4 Qb6 19.Nxc6 Bxc6 20.Bxb8 Rxb8 21.Qd2 Be8 22.Re3 Rc8
23.Rae1 Rc4 24.Rxe6 Qxd4 25.Rd1 Qxd2 26.Rxd2 Bf7 27.Re7 Rb8 28.Bb3 Rc5 29.f3 Kf8
30.Re5 b6 31.Rd4 Re8 32.Rxe8+ Kxe8 33.Kf2 Ke7 34.h4 Be6 35.g4 g5 36.hxg5 hxg5
37.Ke3 Kf7 38.Ba2  1/2-1/2

[Event "4th CHN w Masters 2014"]
[Site "Wuxi CHN"]
[Date "2014.05.10"]
[Round "5.4"]
[White "Zhu Chen"]
[Black "Ni,Shiqun"]
[Result "1/2-1/2"]
[WhiteElo "2461"]
[BlackElo "2320"]

1.d4 Nf6 2.c4 g6 3.Nc3 d5 4.cxd5 Nxd5 5.Bd2 Bg7 6.e4 Nxc3 7.Bxc3 O-O 8.Nf3 c5
9.d5 Bxc3+ 10.bxc3 e6 11.Be2 exd5 12.exd5 Bg4 13.O-O Qd6 14.h3 Bxf3 15.Bxf3 Nd7
16.Rb1 b6 17.Re1 Rae8 18.Rxe8 Rxe8 19.Qa4 Kg7 20.c4 Re7 21.Qxa7 Ne5 22.Qxb6 Qxb6
23.Rxb6 Nxc4 24.Rc6 Nd2 25.h4 Nxf3+ 26.gxf3 Ra7 27.Rxc5 Rxa2 28.Kg2 Rd2 29.Kg3 Rd4
30.Ra5 h5 31.Rb5 Kf8 32.f4 Rd3+ 33.f3 Rd4 34.f5 gxf5 35.d6 Kg7 36.Rxf5 Kg6
37.Rg5+ Kh6 38.Rf5 Kg6  1/2-1/2

[Event "4th CHN w Masters 2014"]
[Site "Wuxi CHN"]
[Date "2014.05.12"]
[Round "6.3"]
[White "Lei Tingjie"]
[Black "Zhu Chen"]
[Result "1-0"]
[WhiteElo "2436"]
[BlackElo "2461"]

1.d4 Nf6 2.c4 e6 3.g3 Bb4+ 4.Bd2 Qe7 5.Bg2 Nc6 6.Nf3 Bxd2+ 7.Nbxd2 a5 8.O-O d6
9.e4 O-O 10.Re1 e5 11.d5 Nb8 12.b3 Na6 13.a3 Bd7 14.Bf1 c6 15.Rb1 cxd5 16.cxd5 Nc5
17.Nh4 g6 18.Qf3 b5 19.b4 axb4 20.axb4 Na4 21.Nb3 Rfc8 22.Rbc1 Qd8 23.Na5 Ne8
24.Qd3 Kg7 25.Nc6 Bxc6 26.dxc6 Nc7 27.Nf3 Qf6 28.Kg2 Ra6 29.Rc2 Nb6 30.Qe3 Rca8
31.Be2 Nc8 32.Rec1 Rb8 33.h4 h5 34.Bd3 Rbb6 35.Nd2 Ra4 36.Rb2 Qe6 37.Be2 Raa6
38.Nb3 Ra3 39.Nd4 exd4 40.Qxa3 Qxe4+ 41.Bf3 Qe5 42.Rd2 d5 43.Qa1 Ne7 44.Re1 Qf6
45.Rxe7  1-0

[Event "4th CHN w Masters 2014"]
[Site "Wuxi CHN"]
[Date "2014.05.13"]
[Round "7.3"]
[White "Zhu Chen"]
[Black "Wang Jue"]
[Result "1-0"]
[WhiteElo "2461"]
[BlackElo "2363"]

1.d4 Nf6 2.c4 g6 3.Nc3 Bg7 4.e4 d6 5.Nge2 O-O 6.Ng3 e5 7.d5 a5 8.Be2 Na6
9.O-O h5 10.f3 h4 11.Nh1 Nh5 12.Nf2 f5 13.Re1 Nc5 14.Bd2 b6 15.b3 Nf4 16.Bf1 Bd7
17.Rb1 g5 18.exf5 Bxf5 19.Nce4 Qe8 20.h3 Qg6 21.Bc1 Nd7 22.Rb2 Nf6 23.Nxf6+ Bxf6
24.Ne4 Be7 25.Kh2 Kh7 26.Re3 Rfc8 27.Rd2 Ra7 28.Nf2 Rca8 29.Bd3 Nxd3 30.Nxd3 Bf8
31.Nf2 Bh6 32.Ng4 Bg7 33.Rde2 Rf8 34.Nf2 Bh6 35.Rc3 Qf7 36.Ne4 Qg6 37.a3 Rfa8
38.Bd2 Rg8 39.Qc1 Bxe4 40.Rxe4 Bf8 41.Rg4 Be7 42.Re3 Qf5 43.Be1 Rg6 44.Ree4 Ra8
45.Qc2 Qf7 46.Bd2 Kg8 47.Re1 Rg7 48.Qe4 Kf8 49.Rg1 Qg6 50.Qxg6 Rxg6 51.g3 hxg3+
52.R1xg3 a4 53.b4 Kf7 54.Bxg5 Bxg5 55.Rxg5 Rxg5 56.Rxg5 b5 57.Rg4 Rb8 58.Kg3 Kf6
59.Kf2 bxc4 60.Rxc4 Rb5 61.Rxc7 Rxd5 62.Ra7 Rd2+ 63.Ke3 Rh2 64.Rxa4 d5 65.b5 d4+
66.Ke4 Re2+ 67.Kd3 Re3+ 68.Kd2 Rb3 69.Rb4 Rxa3 70.b6 Ra8 71.b7 Rb8 72.h4 Kf5
73.Rb6 Kf4 74.Ke2 d3+ 75.Kxd3 Kxf3 76.Rf6+ Kg4 77.Rf7  1-0

[Event "4th CHN w Masters 2014"]
[Site "Wuxi CHN"]
[Date "2014.05.14"]
[Round "8.4"]
[White "Huang Qian"]
[Black "Zhu Chen"]
[Result "1-0"]
[WhiteElo "2494"]
[BlackElo "2461"]

1.Nf3 c5 2.g3 b6 3.Bg2 Bb7 4.O-O Nf6 5.d3 d5 6.c4 e6 7.cxd5 exd5 8.e4 dxe4
9.dxe4 Qxd1 10.Rxd1 Be7 11.e5 Nfd7 12.Nc3 O-O 13.Nd5 Bd8 14.Ng5 Nc6 15.e6 fxe6
16.Nxe6 Rf7 17.Ndc7 Rb8 18.Nb5 Nde5 19.f4 Rd7 20.Rd6 Be7 21.fxe5 Bxd6 22.exd6 Nb4
23.Bxb7 Rbxb7 24.Bf4 Nd3 25.Nec7 Nxb2 26.Re1 Nc4 27.Re7 Rd8 28.d7  1-0

[Event "4th CHN w Masters 2014"]
[Site "Wuxi CHN"]
[Date "2014.05.15"]
[Round "9.2"]
[White "Zhu Chen"]
[Black "Ju Wenjun"]
[Result "1/2-1/2"]
[WhiteElo "2461"]
[BlackElo "2526"]

1.d4 Nf6 2.c4 g6 3.Nc3 Bg7 4.e4 d6 5.Nge2 O-O 6.Ng3 e5 7.d5 a5 8.Be2 Na6
9.O-O h5 10.Bg5 Qe8 11.Re1 Nh7 12.Be3 Bd7 13.Rc1 b6 14.b3 Bf6 15.Bd3 Bg5
16.a3 h4 17.Nf1 f5 18.exf5 Bxf5 19.Bxf5 Rxf5 20.Ne4 Bxe3 21.Rxe3 Nc5 22.Nfd2 Nxe4
23.Nxe4 Qf7 24.Rc2 Rf8 25.h3 Nf6 26.f3 Nxe4 27.Rxe4 Rf4 28.Rce2 Qe7 29.Qe1 Qg5
30.Kh2 Kg7 31.a4 R8f5 32.R2e3 Kf6 33.Re2 Rxe4 34.Rxe4 Rf4 35.Kh1 Rxe4 36.fxe4 Qg3
37.Qf1+ Kg5 38.Qc1+ Kf6 39.Qf1+ Kg7 40.Qd1 Qf2 41.Qg4 Kf6 42.Qe6+ Kg5 43.Qg4+  1/2-1/2